Superheroes Missing a Letter Quiz Stats

Quiz Updated Mar 8, 2012

Also try: Secret Identities
Challenge
Share
Tweet
Embed
Score 0/26 Timer 13:00
6 Plays Today
Lost letter Superhero % Correct
C +Hercules
81.8%
S +Flash
57.9%
M +Spider-man
56.9%
N +Spawn
56.7%
A +Green Arrow
54.6%
B +Robin
53.4%
P +Superman
52.2%
U +Rogue
50.5%
F +Silver Surfer
46.8%
W +Wonder Woman
46.3%
L +Wolverine
42.6%
E +Daredevil
41.9%
X +Phoenix
39.2%
Lost letter Superhero % Correct
Q +Quicksilver
39.1%
Y +Hawkeye
39%
Z +Shazam
31.7%
O +Deadpool
28.4%
G +Swamp Thing
26.6%
I +Karate Kid
26.3%
K +Black Bolt
21.7%
H +Scarlet Witch
14.5%
D +Booster Gold
12.3%
J +Yellowjacket
11%
V +Captain Marvel
10.5%
R +Red Tornado
8.2%
T +Captain Atom
7.1%

You're not logged in!

Compare scores with friends on all Sporcle quizzes.
Join for Free
OR
Log In

You Might Also Like...

Show Comments

Extras

Top Quizzes Today


Score Distribution

Your Account Isn't Verified!

In order to create a playlist on Sporcle, you need to verify the email address you used during registration. Go to your Sporcle Settings to finish the process.

Report this User

Report this user for behavior that violates our Community Guidelines.

Details: